Most Popular Kpop Members - Statistics

General Stats
  • This quiz has been taken 904 times
  • The average score is 9 of 15
Answer Stats
Hint Answer % Correct
BTS V
97%
INFINITE L
95%
BLACKPINK Lisa
95%
Red Velvet Irene
84%
TWICE Tzuyu
75%
BIGBANG G-Dragon
74%
GOT7 Jackson
73%
Girls' Generation Taeyeon
65%
SHINee Jonghyun
53%
EXO Sehun
51%
Seventeen WonWoo
44%
Monsta X I.M
40%
GFriend SinB
36%
2NE1 Dara
33%
AOA Seolhyun
15%
No matching quizzes found
Score Distribution
Percent of People with Each Score
Percentile by Number Answered
Your Score History
You have not taken this quiz